000 01239nam a22003137a 4500
001 T0000017
003 KOHA_MİRAKIL
005 20260207004503.0
007 ta
008 190402b2011 xx |||grm|||#0|||0|tur |
040 _aTR-BiSEU
_btur
_cTR-BiSEU
_erda
041 0 _atur
050 0 0 _aTez
_b17
100 1 _aEğilmez, Özüm.
245 1 _aKaynak bağımlılığı bağlamında dış kaynak kullanımının incelenmesine yönelik bir araştırma/
_cÖzüm Eğilmez ; Özüm Eğilmez; danşman İsa İpçioğlu.
264 1 _aBilecik :
_bBilecik Üniversitesi
_c2011
300 _aXIII, 83 sayfa: tablo; 30 cm.+1CD-ROM
336 _ametin
_btxt
_2rdacontent
337 _aaracısız
_bn
_2rdamedia
338 _acilt
_bnc
_2rdacarrier
500 _aRef. No: 405126
500 _aKaynakça var.
500 _aİngilizce Eser Adı : An investigation into outsourcing on resource dependence theory
502 _aTez (Yüksek Lisans) -- Bilecik Üniversitesi Sosyal Bilimler Enstitüsü İşletme Anabilim Dalı, Bilecik, .
650 0 _aKaynak bağımlılığı teorisi--Dış kaynak kullanımı.
_9118829
650 0 _aResource dependence theory--Outsourcing.
_9118830
856 4 0 _uhttp://acikkaynak.bilecik.edu.tr/xmlui/handle/11552/81
907 _aYüksek Lisans
942 _2lcc
_cTS
999 _c64568
_d64568